Nám. slobody v Šaštíne - rekonštrukcia verejného priestoru
Guardado en:
| Autor principal: | |
|---|---|
| Otros Autores: | |
| Formato: | Manuscrito Libro |
| Lenguaje: | eslovaco |
| Publicado: |
Bratislava
2016
|
| Materias: | |
| Acceso en línea: | http://is.stuba.sk/zp/portal_zp.pl?podrobnosti=94021 |
| Etiquetas: |
Sin Etiquetas, Sea el primero en etiquetar este registro!
|
MARC
| LEADER | 00000ntm a22000003a 4500 | ||
|---|---|---|---|
| 001 | stuzp51996 | ||
| 003 | SK-STU | ||
| 005 | 20210222125936.8 | ||
| 007 | ta | ||
| 008 | 150427s2015----xo-----f-mn---000-0-slo-d | ||
| 040 | |a STU |b slo | ||
| 041 | 0 | |a slo | |
| 100 | 1 | |a Teplanová, Brigita |u 056160 |4 aut |U FAD Fakulta architektúry |T FA Ústav urbanizmu a územného plánovania |X 62103 |U A6160 |Y 397 |7 62103 | |
| 242 | 0 | 1 | |a Freedom Square in Šaštín-Stráže |y eng |
| 245 | 1 | 0 | |a Nám. slobody v Šaštíne - rekonštrukcia verejného priestoru |
| 260 | |c 2016 |a Bratislava | ||
| 650 | 4 | |a Šaštín |2 slo | |
| 650 | 4 | |a verejný priestor |2 slo | |
| 650 | 4 | |a pútnická tradícia |2 slo | |
| 650 | 4 | |a Šaštín |2 eng | |
| 650 | 4 | |a square of freedom |2 eng | |
| 650 | 4 | |a urban space |2 eng | |
| 700 | 1 | |a Kováč, Bohumil |u 056160 |k Z1 |4 ths |U FAD Fakulta architektúry |T FA Ústav urbanizmu a územného plánovania |X 460 |U A6160 |Y 397 |7 A000000460 | |
| 856 | 4 | |u http://is.stuba.sk/zp/portal_zp.pl?podrobnosti=94021 |u https://opac.crzp.sk/?fn=detailBiblioForm&sid=367CD704F5D5570C78E1F7DE3652 | |
| SQL | |a stuzp51996 |b DBP |c SLO |d Nám. slobody v Šaštíne - rekonštrukcia verejného priestoru |e 62103 |f Teplanová, Brigita |g 056160 |h 460 |i Kováč, Bohumil |j 20160610 |k 149 |l 05 |m http://is.stuba.sk/zp/portal_zp.pl?podrobnosti=94021 |n B-AU |o 5.1.1. architektúra a urbanizmus | ||